Loading...
| History - World | 0 | 7 | 1 | 0 | 65 | 15 | 70.86 | 1 | 6 | 23.87 | 36.00 |
| Philosophy | 0 | 4 | 0 | 0 | 40 | 72 | 91.00 | 1 | 3 | 6.07 | 27.50 |
| Mythology | 0 | 4 | 0 | 0 | 40 | 58 | 66.75 | 1 | 3 | 15.08 | 24.00 |
| Fine Arts - Classical Music | 0 | 4 | 0 | 3 | 40 | 106 | 114.75 | 0 | 1 | 0.49 | 12.00 |
| History - American | 0 | 4 | 0 | 1 | 40 | 50 | 81.00 | 0 | 2 | 9.54 | 18.00 |
| History - European | 0 | 4 | 0 | 0 | 40 | 48 | 67.75 | 0 | 3 | 15.01 | 18.00 |
| History - Other | 0 | 4 | 0 | 0 | 40 | 55 | 78.25 | 2 | 3 | 10.68 | 26.00 |
| Religion | 0 | 4 | 1 | 0 | 35 | 39 | 75.50 | 1 | 4 | 11.63 | 28.00 |
| Science - Biology | 0 | 3 | 0 | 0 | 30 | 56 | 71.00 | 1 | 3 | 9.41 | 18.00 |
| Science - Other | 0 | 3 | 0 | 1 | 30 | 42 | 75.67 | 0 | 2 | 9.33 | 12.00 |
| Social Science | 0 | 2 | 0 | 0 | 20 | 48 | 71.50 | 1 | 1 | 7.99 | 17.14 |
| Fine Arts - Other | 0 | 2 | 0 | 0 | 20 | 111 | 118.00 | 0 | 1 | 0.75 | 10.00 |
| Literature - British | 0 | 2 | 0 | 0 | 20 | 88 | 89.50 | 0 | 1 | 5.06 | 8.00 |
| Science - Physics | 0 | 2 | 0 | 0 | 20 | 52 | 71.50 | 0 | 0 | 6.61 | 6.00 |
| Geography | 0 | 2 | 1 | 1 | 15 | 66 | 83.50 | 0 | 1 | 8.91 | 16.00 |
| Science - Chemistry | 0 | 1 | 0 | 1 | 10 | 105 | 105.00 | 0 | 0 | 0.00 | 2.00 |
| Fine Arts - Painting and Sculpture | 0 | 1 | 0 | 0 | 10 | 123 | 123.00 | 0 | 0 | 0.00 | 2.00 |
| Literature - World | 0 | 1 | 0 | 0 | 10 | 119 | 119.00 | 0 | 0 | 0.00 | 2.00 |
| Current Events | 0 | 1 | 1 | 0 | 5 | 80 | 80.00 | 1 | 1 | 6.65 | 25.00 |
| Literature - American | 0 | 0 | 0 | 0 | 0 | 0.00 | 0 | 0 | 0.00 | 0.00 | |
| Literature - European | 0 | 0 | 0 | 0 | 0 | 0.00 | 0 | 0 | 0.00 | 0.00 |